<?xml version="1.0" encoding="UTF-8"?>
<record
    xmlns:xsi="http://www.w3.org/2001/XMLSchema-instance"
    xsi:schemaLocation="http://www.loc.gov/MARC21/slim http://www.loc.gov/standards/marcxml/schema/MARC21slim.xsd"
    xmlns="http://www.loc.gov/MARC21/slim">

  <leader>00522nam a22001937a 4500</leader>
  <controlfield tag="005">20260423152354.0</controlfield>
  <controlfield tag="008">260423b        |||||||| |||| 00| 0 eng d</controlfield>
  <datafield tag="020" ind1=" " ind2=" ">
    <subfield code="a">9783319791999</subfield>
    <subfield code="c">9524.54</subfield>
  </datafield>
  <datafield tag="040" ind1=" " ind2=" ">
    <subfield code="a">MAIN</subfield>
  </datafield>
  <datafield tag="041" ind1=" " ind2=" ">
    <subfield code="a">English</subfield>
  </datafield>
  <datafield tag="082" ind1=" " ind2=" ">
    <subfield code="a">560</subfield>
    <subfield code="b">PRA</subfield>
  </datafield>
  <datafield tag="100" ind1=" " ind2=" ">
    <subfield code="a">Saraswati, Pratul Kumar </subfield>
    <subfield code="9">26711</subfield>
  </datafield>
  <datafield tag="245" ind1=" " ind2=" ">
    <subfield code="a">Micropaleontology Principles and Application </subfield>
  </datafield>
  <datafield tag="260" ind1=" " ind2=" ">
    <subfield code="a">Switzerland </subfield>
    <subfield code="b">Springer </subfield>
    <subfield code="c">2016</subfield>
  </datafield>
  <datafield tag="300" ind1=" " ind2=" ">
    <subfield code="a">224</subfield>
  </datafield>
  <datafield tag="650" ind1=" " ind2=" ">
    <subfield code="a">Geology (PM USHA)</subfield>
    <subfield code="9">26712</subfield>
  </datafield>
  <datafield tag="700" ind1=" " ind2=" ">
    <subfield code="a">Srinivasan, M.S.</subfield>
    <subfield code="9">24522</subfield>
  </datafield>
  <datafield tag="942" ind1=" " ind2=" ">
    <subfield code="c">BK</subfield>
  </datafield>
  <datafield tag="999" ind1=" " ind2=" ">
    <subfield code="c">60708</subfield>
    <subfield code="d">60708</subfield>
  </datafield>
  <datafield tag="952" ind1=" " ind2=" ">
    <subfield code="0">0</subfield>
    <subfield code="1">0</subfield>
    <subfield code="2">ddc</subfield>
    <subfield code="4">0</subfield>
    <subfield code="6">560_000000000000000_PRA</subfield>
    <subfield code="7">0</subfield>
    <subfield code="9">93712</subfield>
    <subfield code="a">MAIN</subfield>
    <subfield code="b">MAIN</subfield>
    <subfield code="d">2026-04-23</subfield>
    <subfield code="l">0</subfield>
    <subfield code="o">560 PRA</subfield>
    <subfield code="p">32933</subfield>
    <subfield code="r">2026-04-23</subfield>
    <subfield code="w">2026-04-23</subfield>
    <subfield code="y">BK</subfield>
  </datafield>
  <datafield tag="952" ind1=" " ind2=" ">
    <subfield code="0">0</subfield>
    <subfield code="1">0</subfield>
    <subfield code="2">ddc</subfield>
    <subfield code="4">0</subfield>
    <subfield code="6">560_000000000000000_PRA</subfield>
    <subfield code="7">0</subfield>
    <subfield code="9">93713</subfield>
    <subfield code="a">MAIN</subfield>
    <subfield code="b">MAIN</subfield>
    <subfield code="d">2026-04-23</subfield>
    <subfield code="l">0</subfield>
    <subfield code="o">560 PRA</subfield>
    <subfield code="p">32934</subfield>
    <subfield code="r">2026-04-23</subfield>
    <subfield code="w">2026-04-23</subfield>
    <subfield code="y">BK</subfield>
  </datafield>
</record>
